000 00924nam a22002537a 4500
005 20140903174930.0
008 131023s2006 sp a fr 000 0 spa
020 _a9788478337326
040 _aCO-BoUCM
_bspa
_cAngélica Rojas
_dAldemar Mondragón
041 0 0 _aspa
100 1 _aBrown, Chester
_d1960-
_948795
245 1 0 _aEd el payaso feliz
_cChester Brown ; traducción, Hernán Migoya
260 _aBarcelona (España)
_bLa Cúpula
_c2006
300 _a223 páginas
_bilustraciones
490 0 _aLa Cúpula Cómix
_aNovela gráfica
650 7 _aCiencia ficción
_xTiras cómicas, historietas, etc.
_949043
650 7 _aEntretenimiento
_926487
650 7 _aTiras cómicas, historietas, etc.
_949042
690 _942805
_aEntretenimiento
700 1 _aMigoya, Hernán
_etraductor
_948796
765 _ted the happy clown
942 _a11
_cLIBRO
_e1
_mB877e
_2DEWEY
_h741.59
999 _c181030
_d181030